000 00559nam a2200229Ia 4500
003 20180130140828.0
005 20180130140912.0
008 170918s9999 xx 000 0 und d
020 _a9780545034661
050 _bP416 2006
100 _aPennypacker, Sara
245 _aClementine /
245 _cSara Pennypacker ; pictures by Marla Franzee.
260 _aNew York :
260 _bScholastic,
260 _c2006
300 _a133 pages :
300 _bcolored illustration ;
300 _c19cm.
500 _a790
942 _2ddc
_cLEX
999 _c342256
_d342256